Conocimiento, sociedad y realidad: problemas del análisis social del conocimiento y del realismo científico
Saved in:
| Hovedforfatter: | |
|---|---|
| Format: | Bog |
| Sprog: | spansk |
| Udgivet: |
Ciudad de México
Fondo de Cultura Económica
1988
|
| Serier: | Sección de Obras de Historia
|
| Fag: | |
| Tags: |
Tilføj Tag
Ingen Tags, Vær først til at tagge denne postø!
|
MARC
| LEADER | 00000nam a2200000 a 4500 | ||
|---|---|---|---|
| 001 | UCX3305 | ||
| 003 | CL-VaPUC | ||
| 008 | 911024e19880000MX |||||||||||||||||spa|d | ||
| 082 | 0 | 4 | |a 301 |b OLI |2 21 |
| 100 | |a Olivé, León |e autor |9 563549 | ||
| 245 | 1 | 0 | |a Conocimiento, sociedad y realidad: problemas del análisis social del conocimiento y del realismo científico |
| 300 | |a 306 p | ||
| 942 | |c BK | ||
| 945 | |d 19911024 00:00:00 | ||
| 260 | |a Ciudad de México |b Fondo de Cultura Económica |c 1988 | ||
| 650 | 0 | |a Sociología del conocimiento |9 308651 | |
| 650 | 0 | |a Teoría del conocimiento |9 255038 | |
| 650 | 0 | |a Científicos |9 262025 | |
| 583 | |a last modification |c 20180402 12:13:10 |k Rodrigo Vera | ||
| 490 | 0 | |a Sección de Obras de Historia | |
| 999 | |c 224101 |d 224099 | ||
| 952 | |0 0 |1 0 |4 0 |6 301_000000000000000_OLI_1988 |7 0 |8 A |9 220500 |a BIBENE |b BIBENE |d 2019-11-15 |i 2892065 |o 301 OLI 1988 |p 2892065 |r 2025-01-15 |w 2019-11-15 |y BK |k ICO | ||